Frankfurt Airport Destinations (Frankfurt, Germany) - Statistics

General Stats
  • This quiz has been taken 567 times
    190 since last reset
  • The average score is 201 of 303
Answer Stats
Airline Destination % Correct
Air Dolomiti/KLM/Lufthansa Amsterdam
97%
Air Europa/Iberia/Lufthansa Madrid
97%
AJet/Pegasus Airlines/SunExpress Ankara
96%
Aegean Airlines/Lufthansa/Sky Express Athens
96%
Condor/Thai Airways International Bangkok (Suvarnabhumi)
96%
Brussels Airlines/Lufthansa Brussels
96%
Finnair/Lufthansa Helsinki
96%
Lufthansa/TAP Air Portugal Lisbon
96%
Air Dolomiti/British Airways London (City)
96%
British Airways/Lufthansa London (Heathrow)
96%
Condor/Delta Air Lines/Lufthansa New York (JFK)
96%
Air France/Condor/Lufthansa Paris (Charles de Gaulle)
96%
Austrian Airlines/Condor/Lufthansa Vienna
96%
Etihad Airlines Abu Dhabi
95%
Egyptair/Lufthansa Cairo
95%
Air China Beijing (Capital)
94%
Air India/Lufthansa Delhi
94%
Aer Lingus/Lufthansa Dublin
94%
Lufthansa/Turkish Airlines Istanbul
94%
AJet/Pegasus Airlines Istanbul (Sabiha Gökçen)
94%
Air India/Lufthansa Mumbai
94%
All Nippon Airways/Lufthansa Tokyo (Haneda)
94%
Japan Airlines Tokyo (Narita)
94%
Condor/Lufthansa Berlin
93%
Condor/Lufthansa Budapest
93%
Condor/Lufthansa Los Angeles
93%
LOT Polish Airlines/Lufthansa Warsaw (Chopin)
93%
Air Dolomiti/Condor/Lufthansa/Swiss International Air Lines Zürich
93%
Lufthansa/Scandinavian Airlines Copenhagen
92%
Emirates/Lufthansa Dubai (International)
92%
Air Dolomiti/easyJet/Lufthansa Milan (Linate)
92%
Air Dolomiti/Condor/Lufthansa Milan (Malpensa)
92%
Condor/easyJet/ITA Airways/Lufthansa Rome (Fiumicino)
92%
Air Algérie/Lufthansa Algiers
91%
Condor/Discover Airlines/Lufthansa Barcelona
91%
HiSky/Lufthansa/TAROM Bucharest (Otopeni)
91%
Lufthansa Edinburgh
91%
Condor/Lufthansa Hamburg
91%
Lufthansa Manchester
91%
Condor/Lufthansa Miami
91%
Lufthansa Oslo
91%
Lufthansa Porto
91%
Asiana Airlines/Korean Air/Lufthansa/T'way Air Seoul (Incheon)
91%
Air China/China Eastern Airlines/Lufthansa Shanghai (Pudong)
91%
Lufthansa/Scandinavian Airlines Stockholm (Arlanda)
91%
Air Canada/Condor/Lufthansa Toronto (Pearson)
91%
Croatia Airlines/Lufthansa Zagreb
91%
Condor/Lufthansa Boston
90%
Condor/Lufthansa Cape Town
90%
Condor/Lufthansa Munich
90%
airBaltic/Lufthansa Riga
90%
Condor/Lufthansa/United Airlines San Francisco
90%
Lufthansa/Singapore Airlines Singapore
90%
Bulgaria Air/Lufthansa Sofia
90%
Ethiopian Airlines Addis Ababa
89%
Lufthansa/United Airlines Chicago (O'Hare)
89%
Qatar Airways Doha
89%
Vietnam Airlines Hanoi
89%
Cathay Pacific/Lufthansa Hong Kong
89%
Air Dolomiti/Condor/Lufthansa Prague
89%
Lufthansa Rio de Janeiro (Galeão)
89%
Delta Air Lines/Lufthansa Atlanta
88%
Air Serbia/Lufthansa Belgrade
88%
Lufthansa Buenos Aires (Ezeiza)
88%
Lufthansa/Royal Air Maroc Casablanca
88%
American Airlines/Lufthansa Dallas/Fort Worth
88%
Swiss International Air Lines Geneva
88%
Lufthansa/United Airlines Houston (Intercontinental)
88%
Air Dolomiti/Lufthansa Lyon
88%
Lufthansa Marseille
88%
Lufthansa Naples
88%
Lufthansa Nice
88%
LATAM Brasil/Lufthansa São Paulo (Guarulhos)
88%
Condor/Lufthansa Venice
88%
Lufthansa/United Airlines Washington (Dulles)
88%
AJet/Condor/Corendon Airlines/Discover Airlines/Pegasus Airlines/SunExpress Antalya
87%
Air Astana/Lufthansa Astana
87%
Air Dolomiti/Lufthansa Birmingham
87%
Lufthansa Glasgow
87%
El Al/Lufthansa Tel Aviv
87%
Air Canada/Condor/Lufthansa Vancouver
87%
Condor/Lufthansa Johannesburg (O.R. Tambo)
86%
Lufthansa Mexico City
86%
Air Canada/Lufthansa Montréal (Trudeau)
86%
Lufthansa/Nouvelair/Tunisair Tunis
86%
Iraqi Airways Baghdad
85%
Kuwait Airways Kuwait City
85%
Lufthansa/Saudia Riyadh
85%
Lufthansa Seville
85%
Lufthansa/Royal Jordanian Amman (Queen Alia)
84%
Air Dolomiti/Lufthansa Basel/Mulhouse
84%
Lufthansa Bogotá
84%
Vietnam Airlines Ho Chi Minh City
84%
Saudia Jeddah
84%
Discover Airlines Orlando
84%
Condor/Discover Airlines/Lufthansa/TUI fly Deutschland Palma de Mallorca
84%
Lufthansa Tallinn
84%
Lufthansa Vilnius
84%
Lufthansa/Middle East Airlines Beirut
83%
Air Dolomiti Florence
83%
Lufthansa Gothenburg
83%
Lufthansa Palermo
83%
TUI fly Deutschland Sal
83%
Air Dolomiti/Lufthansa Bordeaux
82%
Lufthansa Kraków
82%
Icelandair/Lufthansa Reykjavík
82%
Condor/Lufthansa Seattle/Tacoma
82%
Lufthansa Tiranna
82%
Lufthansa Baku
81%
Lufthansa Bilbao
81%
Lufthansa Düsseldorf
81%
Discover Airlines Marrakesh
81%
Discover Airlines Philadelphia
81%
Lufthansa Santiago de Compostela
81%
Air Dolomiti Turin
81%
Lufthansa Valencia
81%
Lufthansa Bergen
80%
Lufthansa/United Airlines Denver
80%
China Southern Airlines Guangzhou
80%
Condor/Lufthansa Málaga
80%
Condor/Croatia Airlines/Discover Airlines Split
80%
Aegean Airlines/Lufthansa Thessaloniki
80%
Croatia Airlines/Discover Airlines Dubrovnik
79%
Lufthansa Ljubljana
79%
Lufthansa Toulouse
79%
Air Astana/Lufthansa Almaty
78%
Condor/Discover Airlines Calgary
78%
Cubana de Aviación Havana
78%
Corendon Airlines/Pegasus Airlines/SunExpress İzmir
78%
Oman Air Muscat
78%
China Airlines Taipei (Taoyuan)
78%
Gulf Air Bahrain
77%
Air Dolomiti/Lufthansa Bologna
77%
Condor/Discover Airlines Cancún
77%
Delta Air Lines/Lufthansa Detroit
77%
American Airlines Charlotte
76%
Condor/Discover Airlines/Lufthansa Ibiza
76%
Lufthansa Stuttgart
76%
SriLankan Airlines Colombo (Bandaranaike)
75%
Lufthansa Gdańsk
75%
Lufthansa Lagos
75%
Condor/Discover Airlines Las Vegas
75%
Lufthansa Nairobi (Jomo Kenyatta)
75%
Lufthansa Sarajevo
75%
Air China Chengdu (Tianfu)
74%
Lufthansa/United Airlines Newark
74%
Condor Tbilisi
74%
Condor/Lufthansa Yerevan
74%
Aegean Airlines/Condor/Discover Airlines/Lufthansa/TUI fly Deutschland Heraklion
73%
Lufthansa Salzburg
73%
Air China Shenzhen
73%
Discover Airlines Tampa
73%
Condor/Discover Airlines/TUI fly Deutschland Gran Canaria
72%
Air Dolomiti Innsbruck
72%
Air Dolomiti/Lufthansa Luxembourg
72%
Lufthansa Skopje
72%
Uzbekistan Airways Tashkent
72%
Lufthansa Tehran (Imam Khomeini)
72%
Discover Airlines Bari
71%
HiSky/Lufthansa/SkyUp Airlines Chișinău
71%
Lufthansa Belfast (City)
70%
Lufthansa Catania
70%
Lufthansa Malta
70%
TUI fly Deutschland Tenerife (North)
70%
Condor/Discover Airlines/TUI fly Deutschland Tenerife (South)
70%
Condor/Lufthansa/TUI fly Deutschland Faro
69%
Discover Airlines Minneapolis/St. Paul
69%
Lufthansa Newcastle upon Tyne
69%
Condor/Discover Airlines/Lufthansa Malé
68%
Lufthansa Nantes
68%
Lufthansa Austin
67%
Lufthansa Cork
67%
Lufthansa Hanover
67%
Air Dolomiti Pisa
67%
Lufthansa Abuja
66%
Lufthansa Alicante
66%
Turkmenistan Airlines Ashgabat
66%
Lufthansa Bengaluru
66%
Lufthansa Chennai
66%
Lufthansa Leipzig/Halle
66%
Lufthansa San José (CR)
66%
Condor San José del Cabo
66%
Air Dolomiti Verona
66%
Lufthansa Nuremberg
65%
Condor/Discover Airlines/TUI fly Deutschland Rhodes
65%
Discover Airlines Santorini
65%
Air Dolomiti/Lufthansa Wrocław
65%
Condor/Discover Airlines/TUI fly Deutschland Corfu
64%
Air Dolomiti/Lufthansa Graz
64%
Condor/Discover Airlines/Lufthansa/TUI fly Deutschland Funchal
63%
Condor/Discover Airlines/Lufthansa/TUI fly Deutschland Kos
63%
Eurowings Pristina
63%
MIAT Mongolian Airlines Ulaanbaatar
63%
Lufthansa Poznań
62%
Discover Airlines/Lufthansa/TUI fly Deutschland Menorca
61%
Condor Portland (OR)
61%
Lufthansa Tromsø
61%
Lufthansa Dresden
60%
Bulgaria Air/Discover Airlines/Electra Airways Varna
60%
FlyErbil/Iraqi Airways Erbil
59%
Air Cairo/Condor/Discover Airlines/TUI fly Deutschland Hurghada
59%
Discover Airlines Zadar
59%
Condor Agadir
58%
Lufthansa Bremen
58%
Condor/Discover Airlines/TUI fly Deutschland Fuerteventura
58%
Lufthansa Katowice
58%
Condor/Discover Airlines/TUI fly Deutschland Lanzarote
58%
Discover Airlines Montpellier
58%
Lufthansa Cagliari
57%
Condor/Discover Airlines/TUI fly Deutschland Larnaca
57%
Condor Phuket
57%
Discover Airlines/Electra Airways Burgas
55%
Condor/Discover Airlines Punta Cana
55%
Lufthansa Rovaniemi
54%
Air Dolomiti/Lufthansa Billund
53%
Condor/Discover Airlines Chania
52%
Lufthansa Hyderabad
52%
Condor Panama City (Tocumen)
52%
Croatia Airlines/Discover Airlines/Lufthansa Pula
52%
SunExpress Gaziantep
51%
Discover Airlines Halifax
51%
Lufthansa Luanda
51%
Condor/Discover Airlines Mauritius
51%
Discover Airlines Mykonos
51%
Condor Santo Domingo (Las Américas)
50%
Condor/Discover Airlines Zakynthos
50%
Condor/Discover Airlines Zanzibar
50%
Discover Airlines/Nouvelair/Tunisair Djerba
49%
Azores Airlines/Lufthansa Ponta Delgada
49%
Lufthansa Raleigh/Durham
49%
Lufthansa Stavanger
49%
SunExpress Adana/Mersin
48%
Air Cairo Sharm El Sheikh
48%
Discover Airlines Windhoek (Hosea Kutako)
48%
Lufthansa Rijeka
47%
Lufthansa Strasbourg
47%
Condor Grenada
46%
Condor Baltimore
45%
Discover Airlines/SunExpress Bodrum
45%
Lufthansa Dammam
45%
Air Cairo/Discover Airlines/TUI fly Deutschland Marsa Alam
45%
Condor/Lufthansa Olbia
45%
Discover Airlines Brindisi
44%
Discover Airlines Shannon
44%
Air Dolomiti Trieste
44%
Condor/Discover Airlines Mombasa
42%
SunExpress/TUI fly Deutschland Dalaman
40%
Condor Montego Bay
40%
Lufthansa St. Louis
40%
Discover Airlines Kefalonia
39%
Discover Airlines/Nouvelair/Tunisair Monastir
39%
Lufthansa Bastia
36%
TUI fly Deutschland Boa Vista
36%
Condor/Discover Airlines/TUI fly Deutschland Jerez de la Frontera
36%
Lufthansa Tivat
36%
Condor/Discover Airlines Barbados
35%
Condor/Discover Airlines Kalamata
35%
Condor/Discover Airlines La Palma
35%
Condor Anchorage
34%
SunExpress Samsun
34%
Condor Giza
33%
Discover Airlines Oulu
33%
Condor/Lufthansa Lamezia Terme
32%
Condor Samos
32%
Lufthansa Asturias
31%
Air Dolomiti/Lufthansa Biarritz
31%
China Southern Airlines/Lufthansa Shenyang
31%
Discover Airlines Skiathos
31%
Discover Airlines Kittilä
30%
Condor/Discover Airlines Mahé
30%
Discover Airlines Kilimanjaro
28%
Condor/Discover Airlines Preveza/Lefkada
28%
Condor Antigua
27%
Lufthansa Bydgoszcz
27%
Air Dolomiti Figari
27%
Cubana de Aviación Holguin
27%
Royal Air Maroc Nador
27%
TUI fly Deutschland Patras
27%
Lufthansa Rzeszów
27%
Lufthansa Sylt
26%
Discover Airlines Ålesund
23%
Condor Kavala
23%
SunExpress Diyarbakir
22%
Lufthansa Ivalo
22%
Discover Airlines Fort Myers
21%
Lufthansa Kuusamo
21%
Lufthansa Malabo
21%
Lufthansa Port Harcourt
21%
Air Astana Oral
20%
Condor Puerto Plata
20%
Discover Airlines Harstad/Narvik
19%
Discover Airlines La Romana
19%
Iraqi Airways Sulaymaniyah
17%
China Southern Airlines Changchun
15%
Discover Airlines Alta
14%
Condor Tobago
14%
Turkish Airlines Elazig
12%
Turkish Airlines Hatay
12%
Lufthansa Heringsdorf
12%
SunExpress Malatya
10%
Discover Airlines Victoria Falls
10%
Condor Sanya
8%
Air Dolomiti Kalmar
1%
No matching quizzes found
Score Distribution
Percent of People with Each Score
Percentile by Number Answered
Your Score History
You have not taken this quiz since the last reset